|
|
|
|
| LEADER |
00000nam a2200000 a 4500 |
| 001 |
UCX1587 |
| 003 |
CL-VaPUC |
| 008 |
901003e19880000SP |||||||||||||||||spa|d |
| 082 |
0 |
4 |
|a Ch861
|b NER
|2 21
|
| 100 |
|
|
|a Neruda, Pablo
|e autor
|9 306531
|
| 245 |
1 |
0 |
|a Veinte poemas de amor y una canción desesperada
|
| 300 |
|
|
|a 53 p
|
| 942 |
|
|
|c BK
|
| 945 |
|
|
|d 19901003 00:00:00
|
| 260 |
|
|
|a Barcelona
|b Planeta
|c 1988
|
| 650 |
|
0 |
|a Poesías chilenas
|9 265280
|
| 583 |
|
|
|a last modification
|c 19901003 00:00:00
|k Rodrigo Vera
|
| 999 |
|
|
|c 222780
|d 222778
|
| 952 |
|
|
|0 0
|1 0
|4 0
|6 CH_861_000000000000000_NER_1988
|7 0
|8 A
|9 217963
|a BIBEDU
|b BIBEDU
|d 2019-11-15
|i 2868369
|o Ch861 NER 1988
|p 2868369
|r 2019-11-15
|w 2019-11-15
|y BK
|k LIT
|
| 952 |
|
|
|0 0
|1 0
|4 0
|6 CH_861_000000000000000_NER_1988
|7 0
|8 A
|9 217964
|a BIBEDU
|b BIBEDU
|c ES_NOD
|d 2019-11-15
|i 3095916
|o Ch861 NER 1988
|p 3095916
|r 2023-08-09
|w 2019-11-15
|y BK
|k EPE
|
| 952 |
|
|
|0 0
|1 0
|4 0
|6 CH_861_000000000000000_NER_1988
|7 0
|8 A
|9 217965
|a BIBEDU
|b BIBEDU
|d 2019-11-15
|i 3095924
|l 1
|o Ch861 NER 1988
|p 3095924
|r 2023-08-31
|s 2023-08-31
|w 2019-11-15
|y BK
|k EPE
|